El libro de las tierras virgenes

Guardat en:
Dades bibliogràfiques
Autor principal: Kipling, Rudyard (Autor)
Format: Llibre
Idioma:espanyol
Publicat: Ciudad de México Porrua 1978
Edició:4a. ed
Col·lecció:Colección sepan cuántos, 204
Matèries:
Etiquetes: Afegir etiqueta
Sense etiquetes, Sigues el primer a etiquetar aquest registre!

MARC

LEADER 00000nam a2200000 a 4500
001 UCY2149
003 CL-VaPUC
008 941011e19780000MX |||||||||||||||||spa|d
082 0 4 |a 823  |b KIP  |2 21 
100 |a Kipling, Rudyard  |e author  |9 345267 
245 1 3 |a El libro de las tierras virgenes 
250 |a 4a. ed 
300 |a 228 p 
942 |c BK 
945 |d 19941011 00:00:00  |a mfernand 
260 |a Ciudad de México  |b Porrua  |c 1978 
650 0 |a Cuentos ingleses  |9 265135 
583 |a last modification  |c 19941011 00:00:00  |k Rodrigo Vera 
490 0 |a Colección sepan cuántos, 204 
999 |c 230642  |d 230640 
952 |0 0  |1 0  |2 ddc  |4 0  |6 823_000000000000000_KIP_1978  |7 0  |8 P  |9 233057  |a BIBARQ  |b BIBARQ  |d 2019-11-15  |i 302590K  |o 823 KIP 1978  |p 302590K  |r 2025-01-20  |w 2019-11-15  |y BK  |k ARQ 
952 |0 0  |1 0  |4 0  |6 823_000000000000000_KIP_1978  |7 0  |8 A  |9 233058  |a BIBEDU  |b BIBEDU  |d 2019-11-15  |i 1534270  |o 823 KIP 1978  |p 1534270  |r 2019-11-15  |w 2019-11-15  |y BK  |k EDU 
952 |0 0  |1 0  |4 0  |6 823_000000000000000_KIP_1978  |7 0  |8 A  |9 233059  |a BIBEDU  |b BIBEDU  |d 2019-11-15  |i 1534289  |o 823 KIP 1978  |p 1534289  |r 2019-11-15  |w 2019-11-15  |y BK  |k EDU